[Event "Bangkok op 22nd"]
[Site "Bangkok"]
[Date "2025.04.16"]
[Round "4"]
[White "Dang, Hoang Son"]
[Black "Langreck, John"]
[Result "1-0"]
[WhiteElo "2413"]
[BlackElo "2046"]
[PlyCount "125"]
[EventDate "2025.04.13"]
[EventType "swiss"]
[EventRounds "9"]
[EventCountry "THA"]
[SourceTitle "CB17_2025"]
[SourceDate "2025.04.23"]
[SourceVersion "1"]
[SourceVersionDate "2025.04.23"]
[SourceQuality "1"]

1. e4 d5 2. exd5 Qxd5 3. Nc3 Qa5 4. d4 Nf6 5. Nf3 Nc6 6. Bd2 a6 7. Bc4 Qh5 8. Ne5 Nxe5 9. Qxh5 Nd3+ 10. cxd3 Nxh5 11. Nd5 Kd8 12. Rc1 Nf6 13. Bf4 Nxd5 14. Bxd5 e6 15. Bxc7+ Kd7 16. Bf3 Bd6 17. Ba5 Rb8 18. Bb6 Ke7 19. Ke2 Bd7 20. Rc3 Rhc8 21. Rhc1 Bc6 22. d5 exd5 23. Bxd5 g6 24. Ba7 Ra8 25. Be3 Kd7 26. Bxc6+ Rxc6 27. Rxc6 bxc6 28. b3 Rb8 29. g3 Rb5 30. d4 Ra5 31. Rc2 Rd5 32. Kd3 Rb5 33. Bd2 Rf5 34. Be1 Rb5 35. Rc4 a5 36. Ra4 Bc7 37. b4 axb4 38. Bxb4 Bb6 39. Bc3 Rd5 40. Ra8 h5 41. Kc4 Rf5 42. f4 h4 43. a4 hxg3 44. hxg3 Kc7 45. a5 Kb7 46. Re8 Ba7 47. Re7+ Ka6 48. Rc7 Rf6 49. Bb4 Bb8 50. Rc8 Ba7 51. Ra8 Kb7 52. Re8 g5 53. fxg5 Rf1 54. Rf8 Rf5 55. Bd2 Ka6 56. Rd8 Rf2 57. Bc3 Rf5 58. Rd6 Rxg5 59. Rxc6+ Kb7 60. Rf6 Rxg3 61. Rxf7+ Ka6 62. Rf6+ Kb7 63. a6+ 1-0

[Event "Titled Tuesday intern op 29th Nov Late"]
[Site "Chess.com INT"]
[Date "2022.11.29"]
[Round "8"]
[White "Langreck, John"]
[Black "Prohorov, Olexandr"]
[Result "1/2-1/2"]
[WhiteElo "2067"]
[BlackElo "2086"]
[PlyCount "89"]
[EventDate "2022.11.29"]
[EventType "swiss (blitz)"]
[EventRounds "11"]
[EventCountry "USA"]
[SourceTitle "EXT 2024"]
[Source "ChessBase"]
[SourceDate "2023.10.10"]
[SourceVersion "1"]
[SourceVersionDate "2023.10.10"]
[SourceQuality "1"]

1. d4 Nf6 2. Nf3 e6 3. Bf4 c5 4. e3 b6 5. Bd3 Ba6 6. Bxa6 Nxa6 7. c3 d6 8. 0-0 Be7 9. Nbd2 0-0 10. h3 Qd7 11. Qe2 Qb7 12. e4 cxd4 13. cxd4 Rac8 14. Rac1 d5 15. e5 Ne4 16. Nxe4 dxe4 17. Nd2 Rfd8 18. Rxc8 Qxc8 19. Qxe4 Nb4 20. a3 Nd5 21. Nf3 Qc4 22. Be3 Qb3 23. Rb1 b5 24. Ne1 b4 25. Qc2 Qxc2 26. Nxc2 a5 27. axb4 axb4 28. Ne1 Rc8 29. Kf1 b3 30. Ke2 f6 31. exf6 gxf6 32. Rc1 Ra8 33. Nd3 Ra2 34. Rc8+ Kf7 35. Bc1 Bd6 36. Rd8 Be7 37. Rb8 Ra1 38. Rxb3 Bd6 39. g3 Kg6 40. h4 h5 41. Rb7 Kf5 42. Rh7 Kg6 43. Rb7 Kf5 44. Rh7 Kg6 45. Rb7 1/2-1/2

[Event "US op 122nd"]
[Site "Rancho Mirage"]
[Date "2022.08.07"]
[Round "9"]
[White "Langreck, John"]
[Black "Atwell, Rose"]
[Result "1/2-1/2"]
[WhiteElo "2067"]
[BlackElo "1854"]
[PlyCount "81"]
[EventDate "2022.07.30"]
[EventType "swiss"]
[EventRounds "9"]
[EventCountry "USA"]
[SourceTitle "CBM 209 Extra"]
[Source "ChessBase"]
[SourceDate "2022.09.30"]
[SourceVersion "1"]
[SourceVersionDate "2022.09.30"]
[SourceQuality "1"]

1. e4 c6 2. d4 d5 3. Nd2 dxe4 4. Nxe4 Nf6 5. Nxf6+ exf6 6. Bc4 Bd6 7. Qe2+ Be7 8. Nf3 0-0 9. 0-0 Bd6 10. Re1 Na6 11. a3 Nc7 12. Bd2 Bg4 13. Rad1 Qd7 14. h3 Bh5 15. Bb3 Rfe8 16. Qd3 Bg6 17. Rxe8+ Rxe8 18. Qf1 Be4 19. Ne1 b5 20. c3 Qf5 21. Rc1 Qg6 22. Bc2 f5 23. Nd3 Qf6 24. Re1 Rd8 25. f3 Bd5 26. Bf4 Bc4 27. Bxd6 Qxd6 28. Qe2 Bxd3 29. Bxd3 c5 30. dxc5 Qxc5+ 31. Qe3 Qxe3+ 32. Rxe3 g6 33. Re7 Nd5 34. Rxa7 Nxc3 35. bxc3 Rxd3 36. Rc7 Rd1+ 37. Kf2 Ra1 38. Ra7 Rc1 39. Rc7 Ra1 40. Ra7 Rc1 41. Rc7 1/2-1/2

[Event "Pattaya Thailand op 2nd"]
[Site "Pattaya"]
[Date "2019.10.27"]
[Round "6"]
[White "Saptarshi, Roy Chowdhury"]
[Black "Langreck, John"]
[Result "1-0"]
[WhiteElo "2456"]
[BlackElo "2149"]
[PlyCount "56"]
[EventDate "2019.10.23"]
[EventType "swiss"]
[EventRounds "9"]
[EventCountry "THA"]
[SourceTitle "CBM 192 Extra"]
[Source "Chessbase"]
[SourceDate "2019.11.06"]
[SourceVersion "1"]
[SourceVersionDate "2019.11.06"]
[SourceQuality "1"]

1. e4 d5 2. exd5 Qxd5 3. Nc3 Qa5 4. d4 Nf6 5. Nf3 Nc6 6. Bd2 a6 7. h3 Bf5 8. Bc4 Qb6 9. Na4 Qa7 10. Be3 Nb4 11. Bb3 Nbd5 12. Bd2 b5 13. c4 bxc4 14. Bxc4 e6 15. 0-0 Bd6 16. Nc5 0-0 17. b4 a5 18. bxa5 Bxc5 19. dxc5 Qxc5 20. Rc1 Qd6 21. Nd4 Bg6 22. Nb5 Qd7 23. Qe2 Rfb8 24. Rfd1 c6 25. Nd4 Rb2 26. Qe5 Rxd2 27. Rxd2 Ne4 28. Rdd1 Qd8 1-0

[Event "US Open-119"]
[Site "Middleton"]
[Date "2018.07.31"]
[Round "4"]
[White "Langreck, John"]
[Black "Tarjan, James Edward"]
[Result "1/2-1/2"]
[WhiteElo "2207"]
[BlackElo "2406"]
[PlyCount "115"]
[EventDate "2018.07.28"]
[EventType "swiss"]
[EventRounds "9"]
[EventCountry "USA"]
[SourceTitle "CBM 185 Extra"]
[Source "ChessBase"]
[SourceDate "2018.07.29"]
[SourceVersion "1"]
[SourceVersionDate "2018.07.29"]
[SourceQuality "1"]

1. d4 f5 2. g3 Nf6 3. Bg2 e6 4. c4 d5 5. Nd2 Bd6 6. Nh3 0-0 7. 0-0 c6 8. Nf3 b6 9. Qc2 Bb7 10. Bf4 Ne4 11. Bxd6 Qxd6 12. Rad1 Nd7 13. Nf4 Rac8 14. Nd3 c5 15. dxc5 bxc5 16. e3 Rc7 17. cxd5 exd5 18. Nf4 Ndf6 19. Nd2 Re8 20. f3 Nxd2 21. Qxd2 Rce7 22. Rfe1 d4 23. exd4 cxd4 24. Rxe7 Rxe7 25. Kf2 Rd7 26. h4 Ba6 27. Bf1 Bxf1 28. Kxf1 Nd5 29. Nxd5 Qxd5 30. Qd3 Qxa2 31. Qxf5 Rf7 32. Qe4 Qxb2 33. Rxd4 Rxf3+ 34. Qxf3 Qxd4 35. Qa8+ Kf7 36. Qb7+ Kf6 37. Qc6+ Kf5 38. Qc8+ Ke4 39. Kg2 Qd5 40. Qc2+ Ke3+ 41. Kg1 Qd4 42. Qb3+ Ke2+ 43. Kh2 h5 44. Qb5+ Ke1 45. Qe8+ Kf1 46. Qb5+ Ke1 47. Qe8+ Kd2 48. Qb5 Qe3 49. Qb2+ Ke1 50. Qxg7 Qe2+ 51. Kh3 a5 52. Qa1+ Kf2 53. Qd4+ Kf1 54. Qa1+ Qe1 55. Qf6+ Kg1 56. Qa1 Kf1 57. Qa2 Qe2 58. Qa1+ 1/2-1/2

[Event "SCC Swiss"]
[Site "Sacramento"]
[Date "2004.08.18"]
[Round "5"]
[White "Mack, Donald"]
[Black "Langreck, John"]
[Result "0-1"]
[WhiteElo "1714"]
[BlackElo "2223"]
[PlyCount "54"]
[EventDate "2004.08.18"]
[EventType "swiss"]
[EventRounds "5"]
[EventCountry "USA"]
[SourceTitle "EXT 2006"]
[Source "ChessBase"]
[SourceDate "2005.11.24"]
[SourceVersion "1"]
[SourceVersionDate "2005.11.24"]
[SourceQuality "1"]

1. e4 c5 2. Nf3 Nc6 3. d4 cxd4 4. c3 dxc3 5. Nxc3 d6 6. Bc4 e6 7. Qe2 Nf6 8. 0-0 Be7 9. Rd1 e5 10. h3 0-0 11. Be3 a6 12. Rac1 Be6 13. Bd5 Bxd5 14. Nxd5 Nxd5 15. exd5 Nb8 16. Nd2 f5 17. f4 Nd7 18. fxe5 Nxe5 19. Nc4 Nxc4 20. Qxc4 Bg5 21. Bxg5 Qxg5 22. Rc3 Rae8 23. Qb4 Re2 24. g3 Rfe8 25. Qxd6 Re1+ 26. Rxe1 Rxe1+ 27. Kf2 Qd2+ 0-1

[Event "SCC Swiss"]
[Site "Sacramento"]
[Date "2004.07.21"]
[Round "1"]
[White "Langreck, John"]
[Black "Gilbert, Marvin"]
[Result "1-0"]
[WhiteElo "2223"]
[BlackElo "1500"]
[PlyCount "41"]
[EventDate "2004.08.18"]
[EventType "swiss"]
[EventRounds "5"]
[EventCountry "USA"]
[SourceTitle "EXT 2006"]
[Source "ChessBase"]
[SourceDate "2005.11.24"]
[SourceVersion "1"]
[SourceVersionDate "2005.11.24"]
[SourceQuality "1"]

1. d4 Nf6 2. c4 g6 3. Nc3 Bg7 4. e4 d6 5. f3 0-0 6. Bg5 c6 7. Qd2 Nbd7 8. 0-0-0 Qc7 9. Bh6 e5 10. Nge2 exd4 11. Nxd4 Nb6 12. Kb1 d5 13. Bxg7 Kxg7 14. cxd5 cxd5 15. Ndb5 Qe7 16. exd5 Nbxd5 17. Nxd5 Nxd5 18. Qxd5 Bf5+ 19. Ka1 Rfd8 20. Qb3 a6 21. Nd4 1-0

[Event "World op 31st"]
[Site "Philadelphia"]
[Date "2003.07.05"]
[Round "6"]
[White "Adelman, Charles D"]
[Black "Langreck, John"]
[Result "1/2-1/2"]
[WhiteElo "2388"]
[BlackElo "2215"]
[PlyCount "116"]
[EventDate "2003.06.30"]
[EventType "swiss"]
[EventRounds "9"]
[EventCountry "USA"]
[SourceTitle "EXT 2006"]
[Source "ChessBase"]
[SourceDate "2005.11.24"]
[SourceVersion "1"]
[SourceVersionDate "2005.11.24"]
[SourceQuality "1"]

1. Nf3 Nf6 2. b3 g6 3. Bb2 Bg7 4. g3 0-0 5. Bg2 d6 6. d4 e5 7. dxe5 Ng4 8. 0-0 Nxe5 9. Nxe5 dxe5 10. Qxd8 Rxd8 11. Na3 Nc6 12. Rfd1 Bg4 13. Bxc6 bxc6 14. Kf1 Be6 15. Ke1 Bf8 16. Rxd8 Rxd8 17. Rd1 Rxd1+ 18. Kxd1 Bc5 19. e3 Bxa3 20. Bxa3 f6 21. Be7 Kf7 22. Bd8 Bf5 23. Kd2 Be4 24. c4 Ke6 25. Kc3 f5 26. Bxc7 Bb1 27. Bb8 a6 28. a3 e4 29. Kd4 Ba2 30. b4 Bb3 31. Bf4 Kd7 32. h4 Bd1 33. Kc5 Be2 34. Be5 Bd3 35. Bc3 Be2 36. a4 Kc7 37. Be5+ Kb7 38. Bd6 Bd1 39. a5 Be2 40. Kd4 h5 41. c5 Kc8 42. Ke5 Kd7 43. Kf6 Bg4 44. Be5 Be2 45. Bd4 Bg4 46. Bc3 Be2 47. Bb2 Bg4 48. Ba3 Be2 49. b5 cxb5 50. Kxg6 Bg4 51. Kf6 Bh3 52. Bb4 Bg4 53. Ke5 Kc6 54. Ba3 Bh3 55. Kf6 Bg4 56. Ke7 Kc7 57. Bb4 Bh3 58. Bc3 Bg4 1/2-1/2

[Event "World op 31st"]
[Site "Philadelphia"]
[Date "2003.07.05"]
[Round "7"]
[White "Langreck, John"]
[Black "Sarkar, Justin"]
[Result "0-1"]
[WhiteElo "2215"]
[BlackElo "2396"]
[PlyCount "78"]
[EventDate "2003.06.30"]
[EventType "swiss"]
[EventRounds "9"]
[EventCountry "USA"]
[SourceTitle "EXT 2006"]
[Source "ChessBase"]
[SourceDate "2005.11.24"]
[SourceVersion "1"]
[SourceVersionDate "2005.11.24"]
[SourceQuality "1"]

1. e4 c5 2. Nf3 Nc6 3. d4 cxd4 4. Nxd4 Nf6 5. Nc3 d6 6. Bg5 e6 7. Qd2 a6 8. 0-0-0 Bd7 9. f3 Be7 10. h4 h6 11. Be3 h5 12. Bg5 Ne5 13. g4 hxg4 14. f4 Ng6 15. f5 Ne5 16. Qg2 Nh5 17. Bxe7 Qxe7 18. Be2 Nf6 19. Bd3 0-0-0 20. Qe2 Kb8 21. Bc4 Rc8 22. Bb3 Rh6 23. Qe3 Rch8 24. fxe6 fxe6 25. Nce2 Ne8 26. Rhg1 Rxh4 27. Kb1 Rh3 28. Qd2 Nf6 29. Nf4 Nxe4 30. Qb4 Nc5 31. Rge1 g5 32. Nfxe6 a5 33. Qb6 Rc8 34. Nf5 Rxb3 35. Qxb3 Qxe6 36. Qxe6 Bxe6 37. Nxd6 Nf3 38. Rxe6 Nxe6 39. Nxc8 Kxc8 0-1

[Event "World op 31st"]
[Site "Philadelphia"]
[Date "2003.07.04"]
[Round "5"]
[White "Langreck, John"]
[Black "Hess, Robert L"]
[Result "1-0"]
[WhiteElo "2215"]
[BlackElo "2106"]
[PlyCount "63"]
[EventDate "2003.06.30"]
[EventType "swiss"]
[EventRounds "9"]
[EventCountry "USA"]
[SourceTitle "EXT 2006"]
[Source "ChessBase"]
[SourceDate "2005.11.24"]
[SourceVersion "1"]
[SourceVersionDate "2005.11.24"]
[SourceQuality "1"]

1. e4 d6 2. d4 Nf6 3. Nc3 g6 4. Be3 c6 5. Qd2 b5 6. Bd3 Nbd7 7. Nf3 Nb6 8. h3 a5 9. Bh6 b4 10. Ne2 Be6 11. Bxf8 Rxf8 12. Nf4 Bc4 13. 0-0 Qc7 14. Bxc4 Nxc4 15. Qe2 Nb6 16. e5 Nfd5 17. Nxd5 Nxd5 18. a3 dxe5 19. dxe5 Rb8 20. axb4 Rxb4 21. c4 Nf4 22. Qe4 Nd5 23. Nd4 Rxc4 24. Rfc1 f5 25. exf6 Nxf6 26. Qd3 Rxc1+ 27. Rxc1 Qe5 28. Nxc6 Qxb2 29. Rb1 Qa2 30. Ne5 e6 31. Qb5+ Ke7 32. Qc5+ 1-0

[Event "Sacramento-chT"]
[Site "Sacramento"]
[Date "2002.03.06"]
[Round "6"]
[White "Chumachenko, Andrey"]
[Black "Langreck, John"]
[Result "1/2-1/2"]
[WhiteElo "2464"]
[BlackElo "2211"]
[PlyCount "112"]
[EventDate "2002.03.06"]
[EventType "team-tourn"]
[EventRounds "6"]
[EventCountry "USA"]
[SourceTitle "EXT 2006"]
[Source "ChessBase"]
[SourceDate "2005.11.24"]
[SourceVersion "1"]
[SourceVersionDate "2005.11.24"]
[SourceQuality "1"]

1. d4 Nf6 2. c4 g6 3. Nc3 Bg7 4. e4 d6 5. Be2 0-0 6. Bg5 Na6 7. f4 c5 8. d5 Nc7 9. e5 Nfe8 10. Nf3 Bg4 11. exd6 Nxd6 12. 0-0 Bxc3 13. bxc3 Ne4 14. Qe1 Bxf3 15. Rxf3 Nxg5 16. fxg5 Qd6 17. Qh4 f5 18. Re1 Rae8 19. Re3 e5 20. dxe6 Rxe6 21. Rxe6 Qxe6 22. Bf3 Qd7 23. Qf4 b6 24. Qe5 Rd8 25. h4 Qd2 26. Kh2 Qd7 27. Kg3 Rf8 28. Bd5+ Nxd5 29. cxd5 Rd8 30. c4 b5 31. cxb5 Qxd5 32. Qxd5+ Rxd5 33. Re8+ Kf7 34. Ra8 Rd3+ 35. Kf4 Rd7 36. Rc8 Ke6 37. Rxc5 Rd4+ 38. Kf3 Rxh4 39. Rc6+ Ke5 40. Ra6 Rb4 41. Rxa7 Rxb5 42. Re7+ Kd5 43. Rxh7 Ra5 44. Rg7 Ra3+ 45. Kf4 Ra4+ 46. Kg3 Rg4+ 47. Kf3 Rxg5 48. a4 Rg4 49. a5 Ke5 50. a6 Kf6 51. a7 Ra4 52. Rb7 Ra3+ 53. Kf2 Kg5 54. g3 Kg4 55. Rb4+ Kg5 56. Rb7 Kg4 1/2-1/2

[Event "Sacramento-chT"]
[Site "Sacramento"]
[Date "2002.02.13"]
[Round "3"]
[White "Langreck, John"]
[Black "Braverman, Marc"]
[Result "1/2-1/2"]
[WhiteElo "2204"]
[BlackElo "2079"]
[PlyCount "116"]
[EventDate "2002.03.06"]
[EventType "team-tourn"]
[EventRounds "6"]
[EventCountry "USA"]
[SourceTitle "EXT 2006"]
[Source "ChessBase"]
[SourceDate "2005.11.24"]
[SourceVersion "1"]
[SourceVersionDate "2005.11.24"]
[SourceQuality "1"]

1. e4 e5 2. Nf3 Nf6 3. Nc3 Nc6 4. Bb5 d6 5. d4 exd4 6. Nxd4 Bd7 7. Bxc6 bxc6 8. 0-0 Be7 9. Qd3 0-0 10. Bg5 Ng4 11. Bxe7 Qxe7 12. f4 Qh4 13. Nf3 Qh5 14. h3 Qc5+ 15. Nd4 Nf6 16. Kh1 Qh5 17. Rae1 Rfe8 18. Nf3 d5 19. e5 Bf5 20. Qe3 Ne4 21. Nd4 Nxc3 22. Qxc3 Be4 23. Nxc6 Re6 24. Nd4 Rg6 25. Rxe4 dxe4 26. Qxc7 Rg3 27. Kh2 Qg6 28. Rf2 Re3 29. Ne2 Qb6 30. Qxb6 axb6 31. Nc3 b5 32. a3 Rxc3 33. bxc3 Rxa3 34. Rd2 Kf8 35. Rd5 Rxc3 36. Rxb5 Rxc2 37. Rb4 Re2 38. Kg1 g6 39. Kf1 Ra2 40. Rxe4 h5 41. Re2 Ra3 42. Kf2 Ke7 43. Re3 Ra4 44. Kf3 Ke6 45. Rd3 Rb4 46. g4 hxg4+ 47. hxg4 Ra4 48. Rd6+ Ke7 49. f5 gxf5 50. gxf5 Rb4 51. Ke3 Rh4 52. Rd4 Rh3+ 53. Ke4 Rh1 54. f6+ Ke8 55. Rc4 Re1+ 56. Kf5 Rf1+ 57. Rf4 Re1 58. Re4 Rf1+ 1/2-1/2

[Event "Sacramento-ch"]
[Site "Sacramento"]
[Date "2001.07.07"]
[Round "2"]
[White "Ward, Stuart"]
[Black "Langreck, John"]
[Result "1/2-1/2"]
[WhiteElo "1858"]
[BlackElo "2222"]
[PlyCount "98"]
[EventDate "2001.07.08"]
[EventType "swiss"]
[EventRounds "5"]
[EventCountry "USA"]
[SourceTitle "EXT 2006"]
[Source "ChessBase"]
[SourceDate "2005.11.24"]
[SourceVersion "1"]
[SourceVersionDate "2005.11.24"]
[SourceQuality "1"]

1. d4 Nf6 2. Bg5 Ne4 3. Bf4 c5 4. f3 Qa5+ 5. c3 Nf6 6. d5 Qb6 7. b3 e6 8. e4 exd5 9. exd5 Bd6 10. Bxd6 Qxd6 11. c4 0-0 12. Nc3 Qe5+ 13. Nge2 a6 14. a4 d6 15. Qd2 Re8 16. Kf2 Bf5 17. Re1 Nbd7 18. g3 Bg6 19. Bh3 Qh5 20. Bxd7 Nxd7 21. Nf4 Qh6 22. Re2 Rxe2+ 23. Qxe2 Kf8 24. Nxg6+ hxg6 25. Qe3 Qxe3+ 26. Kxe3 Re8+ 27. Kd2 Ne5 28. f4 Ng4 29. h3 Nf2 30. Rh2 Ne4+ 31. Nxe4 Rxe4 32. Re2 Rd4+ 33. Kc2 b5 34. axb5 axb5 35. Kc3 bxc4 36. bxc4 Rd1 37. Re3 Rh1 38. h4 Ra1 39. Kb3 Rc1 40. Rc3 Re1 41. Ka4 Ke7 42. Kb5 Kd7 43. Ra3 Rb1+ 44. Ka6 Rb4 45. Rc3 Kc7 46. Ka5 Kd7 47. Ka6 Kc7 48. Ka5 Kd7 49. Ka6 Kc7 1/2-1/2

[Event "Erwin Hamm Memorial"]
[Site "Sacramento"]
[Date "2001.05.23"]
[Round "3"]
[White "Langreck, John"]
[Black "Cox, Steven"]
[Result "1-0"]
[WhiteElo "2227"]
[BlackElo "1357"]
[PlyCount "117"]
[EventDate "2001.06.06"]
[EventType "swiss"]
[EventRounds "5"]
[EventCountry "USA"]
[SourceTitle "EXT 2006"]
[Source "ChessBase"]
[SourceDate "2005.11.24"]
[SourceVersion "1"]
[SourceVersionDate "2005.11.24"]
[SourceQuality "1"]

1. e4 c5 2. Nf3 Nc6 3. d4 cxd4 4. Nxd4 e5 5. Nb5 Nf6 6. N1c3 Be7 7. Nd5 Nxd5 8. exd5 a6 9. dxc6 axb5 10. cxd7+ Bxd7 11. Qd5 0-0 12. Qxb7 b4 13. Bd3 Rc8 14. Qe4 g6 15. 0-0 Bg5 16. Qxe5 Bxc1 17. Raxc1 Re8 18. Qd4 Rb8 19. f4 Qb6 20. Qxb6 Rxb6 21. Rfe1 Ra8 22. Bc4 Be6 23. Bxe6 fxe6 24. Ra1 Kf7 25. a4 bxa3 26. Rxa3 Rd8 27. b3 Rd2 28. c4 h5 29. c5 Rc6 30. b4 Rc2 31. Ra7+ Kf6 32. Rb7 Ra6 33. Kh1 Raa2 34. Rg1 Rab2 35. h3 Rxc5 36. bxc5 Rxb7 37. Re1 Rc7 38. Re5 h4 39. Kg1 Rb7 40. Kf2 Rb2+ 41. Kf3 Rb3+ 42. Re3 Rb5 43. Rc3 Rb8 44. c6 Rc8 45. c7 g5 46. fxg5+ Kxg5 47. Ke4 Kf6 48. Rc6 Ke7 49. Ke5 Kd7 50. Rc4 Ke7 51. Rxh4 Kd7 52. Rh7+ Kc6 53. Kxe6 Rg8 54. Rg7 Re8+ 55. Re7 Rg8 56. g4 Rh8 57. g5 Kb7 58. Kd7 Rc8 59. g6 1-0

[Event "USA T Midwest"]
[Site "Chicago"]
[Date "2001.02.18"]
[Round "3"]
[White "Langreck, John"]
[Black "Benesa, Arnulfo"]
[Result "1/2-1/2"]
[WhiteElo "2215"]
[BlackElo "2031"]
[PlyCount "147"]
[EventDate "2001.01.19"]
[EventType "team-tourn"]
[EventRounds "6"]
[EventCountry "USA"]
[SourceTitle "EXT 2006"]
[Source "ChessBase"]
[SourceDate "2005.11.24"]
[SourceVersion "1"]
[SourceVersionDate "2005.11.24"]
[SourceQuality "1"]

1. e4 d5 2. exd5 Qxd5 3. Nc3 Qa5 4. d4 Nf6 5. Nf3 Bg4 6. h3 Bh5 7. g4 Bg6 8. Ne5 Nbd7 9. Nc4 Qa6 10. Bf4 Qe6+ 11. Ne3 Ne4 12. Ncd5 Rc8 13. Bc4 Qc6 14. Nb4 Qa4 15. c3 Qa5 16. Be2 e5 17. Nc4 Qxb4 18. cxb4 exf4 19. a3 Be7 20. Bf3 0-0 21. h4 Rfe8 22. Kf1 h6 23. Qc1 Bf6 24. Qxf4 b5 25. Re1 bxc4 26. Bxe4 Rf8 27. Bxg6 fxg6 28. Qe4 Nb6 29. Kg2 Rcd8 30. Rd1 Nd5 31. Rhf1 Bxh4 32. Qc2 Kh7 33. Qxc4 Bxf2 34. Qxd5 Rxd5 35. Rxf2 Rxf2+ 36. Kxf2 h5 37. Rc1 Rxd4 38. Rxc7 Rxg4 39. Rxa7 h4 40. b5 h3 41. Rc7 Rg2+ 42. Kf1 g5 43. b4 Rg3 44. Kf2 Rxa3 45. Rc4 Ra2+ 46. Kg1 Kg6 47. b6 Ra8 48. Kh2 Rh8 49. b7 Rb8 50. Kxh3 Rxb7 51. Kg4 Rb6 52. Rd4 Kf6 53. Rc4 Kg6 54. Rd4 Kh6 55. Rc4 Rb5 56. Rc6+ g6 57. Rc4 Rd5 58. Rc8 Rd4+ 59. Kg3 Rxb4 60. Rh8+ Kg7 61. Rc8 Ra4 62. Rb8 Kf7 63. Rc8 Ra1 64. Rc6 Rg1+ 65. Kh2 Rf1 66. Kg3 Rf6 67. Rc8 Ra6 68. Rb8 Kg7 69. Rc8 Ra4 70. Rb8 g4 71. Kh4 Kf6 72. Rf8+ Ke5 73. Rg8 Kf5 74. Rf8+ 1/2-1/2

[Event "USA T Midwest"]
[Site "Chicago"]
[Date "2001.02.17"]
[Round "1"]
[White "Langreck, John"]
[Black "Gorlin, Andrey"]
[Result "1-0"]
[WhiteElo "2215"]
[BlackElo "2021"]
[PlyCount "91"]
[EventDate "2001.01.19"]
[EventType "team-tourn"]
[EventRounds "6"]
[EventCountry "USA"]
[SourceTitle "EXT 2006"]
[Source "ChessBase"]
[SourceDate "2005.11.24"]
[SourceVersion "1"]
[SourceVersionDate "2005.11.24"]
[SourceQuality "1"]

1. e4 e6 2. d4 d5 3. Nc3 Bb4 4. e5 c5 5. a3 Bxc3+ 6. bxc3 Qc7 7. Nf3 b6 8. a4 Ba6 9. Bb5+ Bxb5 10. axb5 Ne7 11. 0-0 a5 12. bxa6 Rxa6 13. Rxa6 Nxa6 14. Qe2 Nb8 15. c4 Nd7 16. cxd5 Nxd5 17. c4 Nb4 18. Bd2 Nc6 19. d5 Ncxe5 20. Ng5 0-0 21. dxe6 h6 22. exf7+ Nxf7 23. Ne6 Re8 24. f4 Qc6 25. f5 Nf8 26. Re1 Nd8 27. Nxd8 Rxd8 28. Bc3 Qd7 29. f6 g6 30. Qe7 Qxe7 31. fxe7 Re8 32. exf8Q+ Rxf8 33. Re7 Rf4 34. Rg7+ Kf8 35. Rxg6 Rxc4 36. Be5 b5 37. Rxh6 b4 38. Rc6 Kf7 39. Kf2 Rc2+ 40. Kf3 c4 41. Rb6 b3 42. g4 Rd2 43. g5 Rd8 44. g6+ Kf8 45. g7+ Kg8 46. Rh6 1-0

[Event "Sacramento-chT"]
[Site "Sacramento"]
[Date "2000.05.25"]
[Round "7"]
[White "Langreck, John"]
[Black "Stubbs, Peter J"]
[Result "1-0"]
[WhiteElo "2224"]
[BlackElo "1906"]
[PlyCount "61"]
[EventDate "2000.05.25"]
[EventType "team-tourn"]
[EventRounds "7"]
[EventCountry "USA"]
[SourceTitle "EXT 2006"]
[Source "ChessBase"]
[SourceDate "2005.11.24"]
[SourceVersion "1"]
[SourceVersionDate "2005.11.24"]
[SourceQuality "1"]

1. e4 e5 2. Nf3 Nc6 3. Bb5 a6 4. Ba4 Nf6 5. 0-0 Be7 6. Re1 b5 7. Bb3 0-0 8. d3 d6 9. c3 Na5 10. Bc2 c5 11. Nbd2 Qc7 12. Nf1 Bb7 13. Ng3 g6 14. Bh6 Rfe8 15. h3 Rac8 16. Qd2 Nd7 17. Rad1 Nc6 18. Bb3 Na5 19. Bc2 Nc6 20. a3 Nd8 21. Bb1 Ne6 22. Ba2 Bf6 23. Ng5 Qd8 24. h4 Bg7 25. Bxg7 Kxg7 26. Rf1 h6 27. Nxf7 Kxf7 28. Qxh6 Rh8 29. Bxe6+ Kxe6 30. Qxg6+ Qf6 31. Qg4+ 1-0

[Event "Sacramento-chT"]
[Site "Sacramento"]
[Date "2000.05.04"]
[Round "4"]
[White "Nelson, Milo"]
[Black "Langreck, John"]
[Result "1/2-1/2"]
[WhiteElo "1965"]
[BlackElo "2224"]
[PlyCount "50"]
[EventDate "2000.05.25"]
[EventType "team-tourn"]
[EventRounds "7"]
[EventCountry "USA"]
[SourceTitle "EXT 2006"]
[Source "ChessBase"]
[SourceDate "2005.11.24"]
[SourceVersion "1"]
[SourceVersionDate "2005.11.24"]
[SourceQuality "1"]

1. e4 c5 2. Nc3 Nc6 3. f4 g6 4. Nf3 Bg7 5. Bb5 Nd4 6. Bd3 d6 7. Nxd4 cxd4 8. Ne2 Nf6 9. Nxd4 Nxe4 10. Bxe4 Bxd4 11. c3 Bb6 12. Qf3 Qc7 13. d4 Rb8 14. f5 gxf5 15. Bxf5 Bxf5 16. Qxf5 Qc4 17. Rf1 Rg8 18. d5 Rxg2 19. Qxf7+ Kd8 20. Qe6 Qh4+ 21. Kd1 Kc7 22. Bd2 Rbg8 23. Rf7 Kd8 24. Kc2 R2g6 25. Qf5 Rg2 1/2-1/2

[Event "Kings Island op"]
[Site "Mason"]
[Date "1999.11.14"]
[Round "4"]
[White "Zaremba, Andrie"]
[Black "Langreck, John"]
[Result "1-0"]
[WhiteElo "2400"]
[BlackElo "2239"]
[PlyCount "85"]
[EventDate "1997.11.17"]
[EventType "swiss"]
[EventRounds "5"]
[EventCountry "USA"]
[SourceTitle "EXT 2006"]
[Source "ChessBase"]
[SourceDate "2005.11.24"]
[SourceVersion "1"]
[SourceVersionDate "2005.11.24"]
[SourceQuality "1"]

1. d4 Nf6 2. Nf3 g6 3. g3 Bg7 4. Bg2 0-0 5. 0-0 d5 6. c4 c6 7. Nbd2 Bf5 8. b3 Ne4 9. Bb2 Qa5 10. a3 Nd7 11. b4 Qd8 12. Qb3 Nb6 13. c5 Nd7 14. Rfd1 Re8 15. Nh4 Nxd2 16. Rxd2 Be6 17. a4 Bf6 18. Nf3 Bf5 19. Ne5 Be6 20. Qe3 Bg7 21. b5 Nxe5 22. dxe5 Qc7 23. Bd4 f6 24. exf6 exf6 25. Qc3 f5 26. e3 Bxd4 27. Rxd4 Rac8 28. Rc1 Re7 29. Qb4 Qd8 30. h4 Rec7 31. b6 axb6 32. cxb6 Rd7 33. a5 Qe7 34. Rc5 Qf8 35. Qc3 Qd8 36. Rb4 Ra8 37. Bf1 Rd6 38. a6 bxa6 39. b7 Rb8 40. Rxc6 Rxc6 41. Qxc6 Qd7 42. Qxa6 Kf7 43. Rb6 1-0